Die Störungen Im Deutschen Wirtschaftsleben Während der Jahre 1900 Ff : Zweiter Band: Montan- und Eisenindustrie. Vom Verein Für Socialpolitik Herausgegeben. (Schriften des Vereins Für Socialpolitik CVI).

Bibliographic Details
Main Author: Socialpolitik, Verein für.
Format: eBook
Language:German
Published: Berlin : Duncker & Humblot, 2014.
Edition:1st ed.
Series:Duncker and Humblot Reprints Series
Subjects:
Online Access:Click to View
LEADER 04195nam a22003973i 4500
001 EBC7101291
003 MiAaPQ
005 20240729202204.0
006 m o d |
007 cr cnu||||||||
008 240729s2014 xx o ||||0 ger d
020 |a 9783428573547  |q (electronic bk.) 
020 |z 9783428173549 
035 |a (MiAaPQ)EBC7101291 
035 |a (Au-PeEL)EBL7101291 
035 |a (OCoLC)1348493076 
040 |a MiAaPQ  |b eng  |e rda  |e pn  |c MiAaPQ  |d MiAaPQ 
100 1 |a Socialpolitik, Verein für. 
245 1 4 |a Die Störungen Im Deutschen Wirtschaftsleben Während der Jahre 1900 Ff :  |b Zweiter Band: Montan- und Eisenindustrie. Vom Verein Für Socialpolitik Herausgegeben. (Schriften des Vereins Für Socialpolitik CVI). 
250 |a 1st ed. 
264 1 |a Berlin :  |b Duncker & Humblot,  |c 2014. 
264 4 |c {copy}1903. 
300 |a 1 online resource (235 pages) 
336 |a text  |b txt  |2 rdacontent 
337 |a computer  |b c  |2 rdamedia 
338 |a online resource  |b cr  |2 rdacarrier 
490 1 |a Duncker and Humblot Reprints Series 
505 0 |a Intro -- Inhaltsangabe -- Erzbergbau und Eisenindustrie in Lothringen-Luxemburg. Von Otto Bosselmann (Berlin) -- Vorbemerkung -- Erster Abschnitt. Zur allgemeinen Lage und wirtschaftlichen Entwicklung des lothringisch-luxemburgischen Industriebezirkes bis gegen die Mitte der 90er Jahre -- 1. Die natürlichen Vorbedingungen und technischen Hilfsmittel -- 2. Die Arbeiterverhältnisse -- 3. Förderung und Erzeugung -- 4. Verkehrs- resp. Frachtverhältnisse und die Gestehungskosten -- 5. Absatzgebiete -- Zweiter Abschnitt. Die wirtschaftliche Lage der Montan- und Eisenindustrie Lothringen-Luxemburgs seit der Mitte der 90er Jahre -- I. Die Hochkonjunktur 1895 bis 1900 -- 1. Die Ursachen des Aufschwungs und ihre Wirkungen -- 2. Die Kapitalbeschaffung -- 3. Die Gestaltung des Arbeitsmarktes -- 4. Die Gestaltung der Absatzverhältnisse -- 5. Die Gestaltung der Preisverhältnisse -- II. Der Niedergang während der Jahre 1900 ff. -- 1. Der Eintritt des Rückganges und seine Wirkungen -- 2. Die Ursachen der rückläufigen Bewegung -- 3. Folgen für die Arbeiter -- III. Veränderungen in der Organisation der Industrie -- 1. In der wirtschaftlichen Organisation -- 2. Veränderungen in der Betriebsorganisation -- Anhang I-IV -- Die rheinisch-westfälische Montan- und Eisenindustrie. Von Dr. Theodor Vogelstein (München) -- Vorbemerkung -- Erstes Kapitel. Die Aufschwungsperiode und die inneren Gründe der Krisis -- Zweites Kapitel. Der Eintritt der Krisis -- Drittes Kapitel. Der weitere Verlauf der Krisis -- Viertes Kapitel. Die kombinierten und die nicht kombinierten Werke -- Fünftes Kapitel. Die Organisation der Montan- und Eisenindustrie und die Tendenzen ihrer Entwicklung -- Sechstes Kapitel. Die Krisis und der Weltmarkt -- Die Hüttenindustrie Oberschlesiens. Von Dr. Felix Kuh (Berlin) -- Vorwort -- Erster Teil. Die Kohlen- und Koksindustrie Oberschlesiens -- I. Einleitung. 
505 8 |a II. Besserung des Kohlenmarktes, von 1898 angefangen -- III. Die Zeit der Kohlenknappheit (Kohlennot) 1900 -- IV. Kohlenversorgung Berlins -- V. Vorschläge zur Beseitigung der Kohlennot -- VI. Das Jahr 1901 -- VII. Das Jahr 1902 -- VIII. Allgemeine Übersicht -- IX. Das oberschlesische Koksgeschäft -- Zweiter Teil. Die Eisen- und Metallindustrie Oberschlesiens -- I. Allgemeines -- II. Die Zeit des Aufschwungs (1896-1900) -- III. Das Jahr des Umschwungs (1900) -- IV. Die Zeit des Rückganges (1900-1902). 
588 |a Description based on publisher supplied metadata and other sources. 
590 |a Electronic reproduction. Ann Arbor, Michigan : ProQuest Ebook Central, 2024. Available via World Wide Web. Access may be limited to ProQuest Ebook Central affiliated libraries.  
655 4 |a Electronic books. 
776 0 8 |i Print version:  |a Socialpolitik, Verein für  |t Die Störungen Im Deutschen Wirtschaftsleben Während der Jahre 1900 Ff  |d Berlin : Duncker & Humblot,c2014  |z 9783428173549 
797 2 |a ProQuest (Firm) 
830 0 |a Duncker and Humblot Reprints Series 
856 4 0 |u https://ebookcentral.proquest.com/lib/matrademy/detail.action?docID=7101291  |z Click to View